Szczegóły MARC21

Rachunkowość zarządcza : praca zbiorowa. Cz. 2, Zadania i rozwiązania /

003 -Nazwa inst., której nr kontr. jest w polu 001 [,]
    • @
    • Nazwa instytucji, której n kontrolny jest w polu 001
    • NUKAT
005 -DATA I CZAS OSTATNIEJ MODYFIKACJI [,]
    • @
    • pole kontrolne
    • 20241231102603.0
020 -Międzynarod. znormalizowany nr książki - ISBN [ , ]
    • a
    • Numer ISBN
    • 838703830X Find
040 -Instytucja sporządzająca opis [ , ]
    • a
    • Instytucja, która sporządziła opis (NP)
    • SZCZ M/AB
    • c
    • Instytucja, która sporządziła rekord (NP)
    • SZCZ M/AB
942 -Rodzaj dokumentu [ , ]
    • c
    • Rodzaj dokumentu
    • Książka
245 -Strefa tytułu i oznaczenia odpowiedzialności [0,0]
    • a
    • Tytuł
    • Rachunkowość zarządcza : Find
    • b
    • Ciąg dalszy tytułu (NP)
    • praca zbiorowa. Find
    • n
    • Oznaczenie części (P)
    • Cz. 2,
    • p
    • Nazwa części (P)
    • Zadania i rozwiązania /
    • c
    • Pozostałe elementy strefy tytułu i oznaczenia odpowiedzialności (NP)
    • pod red. Teresy Kiziukiewicz ; [aut. rozdz.: Ksenia Czubakowska et al.].
250 -Strefa wydania [ , ]
    • a
    • Oznaczenie wydania (NP)
    • Wyd. 3 zm. i rozsz.
260 -Strefa adresu wydawniczego [ , ]
    • a
    • Miejsce wydania (P)
    • Wrocław :
    • b
    • Nazwa wydawcy (P)
    • Ekspert - Wydawnictwo i Doradztwo,
    • c
    • Data wydania (P)
    • 2001.
300 -Strefa opisu fizycznego [ , ]
    • a
    • Określenie formy książki i/lub objętość (NP)
    • 143, 160 s. :
    • b
    • Oznaczenie ilustracji (NP)
    • il. ;
    • c
    • Format (NP)
    • 24 cm.
336 -Typ zawartości [ , ]
    • a
    • Termin opisujący typ zawartości
    • Tekst
    • b
    • Kod określający zawartość
    • txt
    • 2
    • Źródło (terminu i kodu)
    • rdacontent
337 -Typ mediów [ , ]
    • a
    • Tryb odtwarzania
    • Bez urządzenia pośredniczącego
    • b
    • Kod typu mediów
    • n
    • 2
    • Źródło (terminu i kodu)
    • rdamedia
338 -Typ/rodzaj nośnika [ , ]
    • a
    • Hasło opisujące typ nośnika
    • Wolumin
    • b
    • Kod typu nośnika
    • nc
    • 2
    • Źródło (terminu i kodu)
    • rdacarrier
080 -Uniwersalna Klasyfikacja Dziesiętna [ , ]
    • a
    • Symbol klasyfikacji
    • 65.01(075.8)(076)
080 -Uniwersalna Klasyfikacja Dziesiętna [ , ]
    • a
    • Symbol klasyfikacji
    • :658.14/.17(075.8)(076)
080 -Uniwersalna Klasyfikacja Dziesiętna [ , ]
    • a
    • Symbol klasyfikacji
    • :330.4(075.8)(076)
980 -Symbol UKD [ , ]
    • a
    • UKD
    • 65.01(075.8)(076):658.14/.17(075.8)(076):330.4(075.8)(076)
700 -Hasło dodatkowe - nazwa osobowa [1, ]
    • a
    • Nazwa osobowa (NP)
    • Czubakowska, Ksenia Find
    • d
    • Daty biograficzne (NP)
    • (1946-2022).
    • 9
    • KHW
    • 1264
700 -Hasło dodatkowe - nazwa osobowa [1, ]
    • a
    • Nazwa osobowa (NP)
    • Kiziukiewicz, Teresa Find
    • d
    • Daty biograficzne (NP)
    • (1947- ).
    • e
    • Określenie rodzaju współpracy
    • Red.
    • 9
    • KHW
    • 44060
920 -ISBN [ , ]
    • a
    • ISBN
    • 83-87038-30-X Find
Sygnatura Lokalizacja Data inwentaryzacji Numer inwentarzowy Status udost.
 BE2001-10-19S.883952
 BE2001-10-19S.88394-6
 BE2001-10-19S.883932
 BE2001-10-19S.883922
 BE2001-10-19S.88391-6
 BE2001-10-19S.88390-6
 BE2001-10-19S.883892
 BE2001-10-29S.88533-6
 BE2001-10-29S.88534-6
 BE2001-10-29S.88535-6
 BE2001-10-29S.88536-6
 BE2001-10-29S.88537-3
 BE2001-10-29S.88538-6
 BE2001-10-29S.885392
 BE2001-10-29S.885402
 BE2001-10-29S.885412
 BE2001-10-29S.885422
 BE2001-10-29S.885432
 BE2001-10-29S.88544-6
 BE2001-10-29S.885452
 BE2001-10-29S.885462
 BE2001-10-29S.885472
 BE2001-11-08S.885482
 BE2001-11-08S.885492
 BE2001-11-08S.885502
 BE2001-11-08S.88551-6
 BE2001-11-08S.885522
W.204927BG2001-11-08W.204932-9
W.204927BG2001-11-08W.204933-9
W.204927BG2001-11-08W.204934-9
W.204927BG2001-11-08W.2049352
W.204927BG2001-11-08W.2049362
T.7075T2002-11-13T.7075-3
TM.1945T2003-12-11TM.1945-3
TM.1946T2003-12-11TM.1946-3